Historias de un corresponsal econâomico : (Record no. 111809)

MARC details
000 -LEADER
campo de control de longitud fija 00762nam a2200277Mi 4500
001 - NÚMERO DE CONTROL
campo de control 90017
005 - FECHA Y HORA DE LA ÚLTIMA TRANSACCIÓN
campo de control 20230411090048.0
008 - DATOS DE LONGITUD FIJA--INFORMACIÓN GENERAL
campo de control de longitud fija 090330s2009 sp 000 0 spa d
035 ## - NÚMERO DE CONTROL DEL SISTEMA
Número de control de sistema (OCoLC)ocn317588110
040 ## - FUENTE DE CATALOGACIÓN
Centro catalogador/agencia de origen C3L
Centro/agencia transcriptor C3L
020 ## - NÚMERO INTERNACIONAL ESTÁNDAR DEL LIBRO
Número Internacional Estándar del Libro 9788498750348
020 ## - NÚMERO INTERNACIONAL ESTÁNDAR DEL LIBRO
Número Internacional Estándar del Libro 8498750342
029 0# - OTRO NÚMERO DE CONTROL DE SISTEMA (OCLC)
Identificador de la biblioteca OCLC C3L
Número de control de sistema 60668801
035 ## - NÚMERO DE CONTROL DEL SISTEMA
Número de control de sistema (OCoLC)317588110
045 ## - PERIODO DE TIEMPO DEL CONTENIDO
Código de periodo de tiempo x4x-
082 14 - NÚMERO DE LA CLASIFICACIÓN DECIMAL DEWEY
Número de clasificación 330
Número de edición 21
049 ## - FONDOS LOCALES (OCLC)
Biblioteca depositaria GRAL
100 1# - ENTRADA PRINCIPAL--NOMBRE DE PERSONA
Nombre de persona Saballs, Martâi.
245 10 - MENCIÓN DEL TÍTULO
Título Historias de un corresponsal econâomico :
Resto del título burbujas y otras epidemias de entusiasmo /
Mención de responsabilidad, etc. Martâi Saballs.
260 ## - PUBLICACIÓN, DISTRIBUCIÓN, ETC.
Lugar de publicación, distribución, etc. Barcelona :
Nombre del editor, distribuidor, etc. Gestiâon 2000,
Fecha de publicación, distribución, etc. 2009.
300 ## - DESCRIPCIÓN FÍSICA
Extensión 224 p.
938 ## -
-- Casalini Libri
-- CASA
-- 60668801
-- 20.00 EUR
942 ## - ELEMENTOS DE ENTRADA SECUNDARIOS (KOHA)
Fuente del sistema de clasificación o colocación Clasificación de Library of Congress
Tipo de ítem Koha
946 ## - PROCESAMIENTO DE INFORMACIÓN LOCAL (OCLC)
a AFJ
994 ## -
-- C0
-- DRFGD
Holdings
Estatus retirado Estado de pérdida Fuente del sistema de clasificación o colocación Estado de daño No para préstamo Colección Biblioteca de origen Biblioteca actual Ubicación en estantería Fecha de adquisición Código de barras Visto por última vez Copia número Tipo de ítem Koha
    Clasificación de Library of Congress     Automatización y Procesos Técnicos Biblioteca Juan Bosch Biblioteca Juan Bosch Automatización y Procesos Técnicos (1er. Piso) 11/04/2023 00000081583 17/02/2019 1